[Event "AUTO-BEG-646"]
[Site "http://www.queenalice.com/game.php?id=1452809"]
[Date "2016.11.30"]
[Round "1"]
[White "bjonil60"]
[Black "pekly"]
[Result "0-1"]
[WhiteElo "1073"]
[BlackElo "1140"]

1. d4 e6 2. e3 b6 3. Nc3 d5 4. Qe2 Nf6 5. h3 Nc6 6. a3 g6 7. g3 Na5 8. g4 Bh6 9.
Nf3 Bf8 10. Bg2 Nc4 11. Nd2 Nd6 12. O-O Bh6 13. h4 O-O 14. b3 Qd7 15. a4 Qc6 16.
f3 a5 17. f4 Qxc3 18. Rb1 Ba6 19. Qe1 Nxg4 20. Bh3 Nxe3 21. Rf3 Nxc2 22. Qf1
Bxf1 23. Nxf1 Qxf3 24. Bg2 Qg4 25. Ne3 Qe2 26. Rb2 Qe1+ 27. Nf1 Qxc1 28. Ra2
Bxf4 29. Bh3 Nf5 30. Bxf5 exf5 31. Kg2 Ne1+ 32. Kf2 Rae8 33. Kg1 Qb1 34. Rf2 Qe4
35. Nd2 Qxd4 36. Nf3 Qe3 37. Nxe1 Qxe1+ 38. Kg2 Re2 39. Rxe2 Qxe2+ 40. Kh3 Qh2#
0-1

[Event "AUTO-BEG-646"]
[Site "http://www.queenalice.com/game.php?id=1452810"]
[Date "2016.11.30"]
[Round "1"]
[White "pekly"]
[Black "Maverick7500"]
[Result "1-0"]
[WhiteElo "1109"]
[BlackElo "1170"]

1. e4 e5 2. b3 Qf6 3. Nh3 g5 4. d4 exd4 5. Bxg5 Qg6 6. Bd3 d6 7. Bb5+ c6 8. Bd3
d5 9. exd5 cxd5 10. O-O Qe6 11. Re1 h6 12. Rxe6+ fxe6 13. Qh5+ Kd7 14. Bb5+ Nc6
15. Qf7+ Ne7 16. Bf6 a6 17. Bxc6+ bxc6 18. Bxe7 Bxe7 19. Qg7 Rf8 20. Qxd4 c5 21.
Qa4+ Kc7 22. Nc3 c4 23. bxc4 Bc5 24. Rb1 d4 25. Ne4 Bd7 26. Qa5+ Kc8 27. Qxc5+
Kd8 28. Qxf8+ Be8 29. Nd6 Kd7 30. Nxe8 Rxe8 31. Qf7+ Re7 32. Rb7+ Kd8 33. Qf8+
Re8 34. Rb8+ Kd7 35. Qxe8+ 1-0

[Event "AUTO-BEG-646"]
[Site "http://www.queenalice.com/game.php?id=1452811"]
[Date "2016.11.30"]
[Round "1"]
[White "Maverick7500"]
[Black "pekly"]
[Result "0-1"]
[WhiteElo "1155"]
[BlackElo "1050"]

1. e4 e5 2. Qf3 Nh6 3. g4 g5 4. h4 f6 5. hxg5 fxg5 6. Rxh6 Bxh6 7. Bc4 Rf8 8.
Qh3 Qf6 9. Qh5+ Ke7 10. Nc3 Qxf2+ 11. Kd1 Qxg1+ 12. Ke2 Qf1+ 13. Ke3 Qf3# 0-1

[Event "AUTO-BEG-646"]
[Site "http://www.queenalice.com/game.php?id=1452812"]
[Date "2016.11.30"]
[Round "1"]
[White "pekly"]
[Black "profmarcelosi"]
[Result "0-1"]
[WhiteElo "1087"]
[BlackElo "1170"]

1. e4 e5 2. b3 Nf6 3. Nc3 Bc5 4. Qe2 d6 5. Nf3 Ng4 6. Qb5+ Nd7 7. b4 Bxf2+ 8.
Ke2 Bd4 9. h3 a6 10. Qd5 Ngf6 11. Qc4 Nb6 12. Qb3 Be6 13. Qb2 Na4 14. Qa3 b5 15.
Ng5 Bc4+ 16. d3 Nxc3+ 17. Ke1 Bxa2 18. Rxa2 Nxa2 19. Qxa2 O-O 20. c3 Bxc3+ 21.
Bd2 Bxd2+ 22. Kxd2 c5 23. bxc5 dxc5 24. Kd1 h6 25. Nf3 Nxe4 26. Nxe5 Nc3+ 27.
Kc2 Nxa2 28. Ng6 Nb4+ 29. Kc3 Qf6+ 30. d4 Qxg6 31. dxc5 a5 32. Bxb5 Qc2+ 33. Kd4
Rad8+ 34. Ke3 Qxc5+ 35. Kf3 Qxb5 36. Rb1 Qd3+ 0-1

[Event "AUTO-BEG-646"]
[Site "http://www.queenalice.com/game.php?id=1452813"]
[Date "2016.11.30"]
[Round "1"]
[White "profmarcelosi"]
[Black "pekly"]
[Result "0-1"]
[WhiteElo "1220"]
[BlackElo "1069"]

1. e4 e5 2. Nf3 Nf6 3. Nxe5 Nxe4 4. Nxf7 Kxf7 5. Qh5+ g6 6. Bc4+ d5 7. Bxd5+ Be6
8. Qf3+ Nf6 9. Bxb7 Nd7 10. Bxa8 Ne5 11. Qc3 Qxa8 12. Qxe5 Qxg2 13. Qxc7+ Be7
14. Rf1 Qe4+ 15. Kd1 Bg4+ 16. f3 Bxf3+ 17. Rxf3 Qxf3+ 18. Ke1 Qh1+ 19. Ke2 Qg2+
20. Kd3 Qe4+ 21. Kc3 Nd5+ 22. Kb3 Qb4# 0-1

[Event "Challenge"]
[Site "http://www.queenalice.com/game.php?id=1454178"]
[Date "2016.12.10"]
[Round "-"]
[White "dejami"]
[Black "pekly"]
[Result "1-0"]
[WhiteElo "1720"]
[BlackElo "1142"]

1. e4 e5 2. d3 b6 3. Qh5 Nh6 4. Qxe5+ Qe7 5. Qxc7 Qc5 6. Qxc5 Bxc5 7. f3 Nc6 8.
c3 Ba6 9. d4 Bd6 10. Bxa6 Na5 11. b4 Rc8 12. Bxc8 Kd8 13. Ba6 Ke8 14. bxa5 bxa5
15. Nd2 Ke7 16. Rb1 Rd8 17. Nh3 Bc7 18. Nc4 Kf8 19. Bxh6 d5 20. Bg5 dxc4 21.
Bxd8 Bxd8 22. Rb8 g6 23. Rxd8+ 1-0

[Event "Challenge"]
[Site "http://www.queenalice.com/game.php?id=1460847"]
[Date "2017.1.22"]
[Round "-"]
[White "pekly"]
[Black "dejami"]
[Result "0-1"]
[WhiteElo "1133"]
[BlackElo "1697"]

1. e4 e5 2. Nf3 d6 3. d4 Bg4 4. Bb5+ c6 5. Ba4 Qa5+ 6. Nc3 b5 7. dxe5 bxa4 8.
exd6 Nd7 9. h3 Be6 10. Ng5 Rd8 11. O-O Ndf6 12. e5 Qxe5 13. Qd3 Bxd6 14. Bd2
Qh2# 0-1

[Event "Challenge"]
[Site "http://www.queenalice.com/game.php?id=1460848"]
[Date "2017.1.22"]
[Round "-"]
[White "dejami"]
[Black "pekly"]
[Result "1-0"]
[WhiteElo "1741"]
[BlackElo "1120"]

1. e4 e5 2. Bc4 Qf6 3. Nf3 Bd6 4. d3 Bb4+ 5. c3 Bc5 6. d4 exd4 7. cxd4 Bb4+ 8.
Bd2 Nc6 9. Qb3 d5 10. exd5 Bxd2+ 11. Nbxd2 Qe7+ 12. Kd1 Bg4 13. Re1 O-O-O 14.
Rxe7 Ngxe7 15. dxc6 Nxc6 16. Ke1 Na5 17. Qb5 Nc6 18. Nb3 a6 19. Qc5 Rhe8+ 20.
Kf1 1-0

[Event "AUTO-BEG-649"]
[Site "http://www.queenalice.com/game.php?id=1461638"]
[Date "2017.1.28"]
[Round "1"]
[White "pekly"]
[Black "fltrazzi"]
[Result "0-1"]
[WhiteElo "1122"]
[BlackElo "1523"]

1. e4 e5 2. b4 Nf6 3. Bd3 Bxb4 4. Nf3 Bc5 5. Nxe5 d6 6. Bb5+ c6 7. Bc4 dxe5 8.
d4 Bxd4 9. c3 Qa5 10. O-O Bxc3 11. Bd2 Bxd2 12. Nxd2 b5 13. Nb3 Qb4 14. Be2 Nxe4
15. Qc2 c5 0-1

[Event "AUTO-BEG-649"]
[Site "http://www.queenalice.com/game.php?id=1461639"]
[Date "2017.1.28"]
[Round "1"]
[White "fltrazzi"]
[Black "pekly"]
[Result "1-0"]
[WhiteElo "1521"]
[BlackElo "1124"]

1. e4 e5 2. Nf3 Bd6 3. d3 b6 4. Ng5 Nc6 5. Qf3 f6 6. Nh3 Nh6 7. c3 Ba6 8. Bxh6
gxh6 9. Qh5+ Kf8 10. Qxh6+ Ke8 11. Qg7 Qe7 12. Qxh8+ Qf8 13. Qxh7 f5 14. Qg6+
Kd8 15. exf5 e4 16. dxe4 Bb7 17. Ng5 1-0

[Event "AUTO-BEG-649"]
[Site "http://www.queenalice.com/game.php?id=1461640"]
[Date "2017.1.28"]
[Round "1"]
[White "pekly"]
[Black "PU1JQF"]
[Result "0-1"]
[WhiteElo "1131"]
[BlackElo "1359"]

1. e4 d6 2. b3 e5 3. Nc3 Qf6 4. Nd5 Qd8 5. Bc4 c5 6. Qe2 Nf6 7. Bb5+ Bd7 8. Ba3
a6 9. Bxd7+ Qxd7 10. Nb6 Qg4 11. Nxa8 Be7 12. Kf1 Nxe4 13. Qxg4 Nxd2+ 14. Ke1
Nxb3 0-1

[Event "Challenge"]
[Site "http://www.queenalice.com/game.php?id=1462590"]
[Date "2017.2.3"]
[Round "-"]
[White "theblues31"]
[Black "pekly"]
[Result "1-0"]
[WhiteElo "1235"]
[BlackElo "1091"]

1. e4 e5 2. Nf3 Nc6 3. Nc3 Nf6 4. Bb5 Bb4 5. Bxc6 Bxc3 6. dxc3 bxc6 7. Qd3 Qe7
8. Bg5 Qe6 9. O-O-O O-O 10. Bxf6 Qxf6 11. g4 c5 12. g5 Qf4+ 13. Qe3 1-0

[Event "Challenge"]
[Site "http://www.queenalice.com/game.php?id=1519108"]
[Date "2018.3.10"]
[Round "-"]
[White "Nolan170"]
[Black "pekly"]
[Result "0-1"]
[WhiteElo "1159"]
[BlackElo "1121"]

1. Nf3 e6 2. e4 b6 3. Nc3 g6 4. Bc4 Ba6 5. Ne5 Bc5 6. O-O Bd6 7. d4 c5 8. dxc5
Bxe5 9. h4 Bxc4 10. b3 Ba6 11. Bd2 bxc5 12. a4 Nh6 13. b4 Qxh4 14. Re1 Qh2# 0-1

[Event "Challenge"]
[Site "http://www.queenalice.com/game.php?id=1519117"]
[Date "2018.3.10"]
[Round "-"]
[White "pekly"]
[Black "Nolan170"]
[Result "1-0"]
[WhiteElo "1098"]
[BlackElo "1275"]

1. e4 Nf6 2. Nc3 c6 3. b3 Nxe4 4. Nxe4 Qb6 5. Bc4 e5 6. Qh5 g6 7. Qxe5+ Be7 8.
Qxh8+ Bf8 9. Nd6+ Kd8 10. Qxf8+ Kc7 11. Qxc8+ 1-0

[Event "AUTO-BEG-660"]
[Site "http://www.queenalice.com/game.php?id=1533933"]
[Date "2018.7.8"]
[Round "1"]
[White "pekly"]
[Black "caradepau"]
[Result "0-1"]
[WhiteElo "1156"]
[BlackElo "1534"]

1. e4 e5 2. c3 a6 3. b4 d6 4. g3 Nf6 5. Bg2 Nc6 6. Qa4 Be6 7. Bf3 Bg4 8. h3 b5
9. Qd1 Bxf3 10. Nxf3 Nxe4 11. Qe2 Nf6 12. Nh4 Be7 13. Qf3 Qd7 14. a4 O-O 15. c4
bxc4 16. Na3 Nd4 17. Qc3 d5 18. O-O Ne2+ 19. Kh2 Nxc3 20. Re1 Bxb4 21. Rxe5 Nxa4
22. Nf5 Rfe8 23. d4 Rxe5 24. dxe5 Qxf5 25. exf6 Qxf6 26. Ra2 g5 27. Be3 Bxa3 28.
Rxa3 Nb6 29. Bc5 g4 30. hxg4 Nd7 31. Ra5 Nxc5 32. Rxc5 Qxf2+ 33. Kh3 Qxc5 0-1